Equilibrium thermodynamics / (Record no. 153051)
[ view plain ]
| 000 -LEADER | |
|---|---|
| fixed length control field | 01048pam a2200289 a 4500 |
| 005 - DATE AND TIME OF LATEST TRANSACTION | |
| control field | 20191121121004.0 |
| 008 - FIXED-LENGTH DATA ELEMENTS--GENERAL INFORMATION | |
| fixed length control field | 821220s1983 enka b 001 0 eng |
| 020 ## - INTERNATIONAL STANDARD BOOK NUMBER | |
| International Standard Book Number | 0521254450 |
| 020 ## - INTERNATIONAL STANDARD BOOK NUMBER | |
| International Standard Book Number | 0521274567 (pbk.) |
| 050 04 - LIBRARY OF CONGRESS CALL NUMBER | |
| Classification number | QC318.T47 |
| Item number | A35 1983 |
| 100 1# - MAIN ENTRY--PERSONAL NAME | |
| Personal name | Adkins, C. J. |
| Fuller form of name | (Clement John) |
| 245 10 - TITLE STATEMENT | |
| Title | Equilibrium thermodynamics / |
| Statement of responsibility, etc | C.J. Adkins. |
| 250 ## - EDITION STATEMENT | |
| Edition statement | 3a ed. |
| 260 ## - PUBLICATION, DISTRIBUTION, ETC. (IMPRINT) | |
| Place of publication, distribution, etc | Cambridge [Cambridgeshire] ; |
| -- | New York : |
| Name of publisher, distributor, etc | Cambridge University Press, |
| Date of publication, distribution, etc | 1983. |
| 300 ## - PHYSICAL DESCRIPTION | |
| Extent | xiii, 285 p. : |
| Other physical details | ill. ; |
| Dimensions | 24 cm. |
| 504 ## - BIBLIOGRAPHY, ETC. NOTE | |
| Bibliography, etc | Bibliografía: p. 278-280. |
| 504 ## - BIBLIOGRAPHY, ETC. NOTE | |
| Bibliography, etc | Incluye índice |
| 650 #7 - SUBJECT ADDED ENTRY--TOPICAL TERM | |
| Topical term or geographic name as entry element | Equilibrio termodinamico |
| Source of heading or term | lemb |
| 942 ## - ADDED ENTRY ELEMENTS (KOHA) | |
| Source of classification or shelving scheme | Biblioteca del Cogreso de los Estados Unidos |
| Koha item type | Libro |
| Estado de pérdida | Fuente de clasificación | Estado del daño | No para préstamo | Ubicación permanente | Ubicación actual | Apartado o colección | Fecha de adquisición | Fuente de adquisición | Edición | Área del conocimiento | Clasificación | Código de Barras | Date last seen | Número de copia | Costo por reposición | Tipo de recurso |
|---|---|---|---|---|---|---|---|---|---|---|---|---|---|---|---|---|
| Biblioteca del Cogreso de los Estados Unidos | Biblioteca de la Facultad de Físico Matemáticas | Biblioteca de la Facultad de Físico Matemáticas | General | 21/11/2019 | Dirección General de Bibliotecas Generico | 3a ed. | Ciencias Naturales y Exactas | QC318.T47 A35 r2003 | FFM000012536 | 21/11/2019 | 1 | 860.00 | Libro | |||
| Biblioteca del Cogreso de los Estados Unidos | Biblioteca de la Facultad de Físico Matemáticas | Biblioteca de la Facultad de Físico Matemáticas | General | 21/11/2019 | Dirección General de Bibliotecas Generico | 3a ed. | Ciencias Naturales y Exactas | QC318.T47 A35 r2003 | FFM000012537 | 21/11/2019 | 2 | 860.00 | Libro |